| 000 | 00482nam a2200169Ia 4500 | ||
|---|---|---|---|
| 005 | 20250423101123.0 | ||
| 008 | 250422s9999 xx 000 0 und d | ||
| 020 | _a0781732255 | ||
| 050 | _aRC 667 .T44/ | ||
| 245 | 0 | _aTextbook of cardiovascular medicine | |
| 260 | _aPhiladelphia | ||
| 260 | _bLippincott Williams & Wilkins | ||
| 260 | _c1999 | ||
| 300 | _a2210 p | ||
| 650 | _aCardiology. Cardiovascular system--Diseases. Cardiovascular Diseases. Cardiology. | ||
| 942 | _cBK | ||
| 999 |
_c35346 _d35346 |
||